[Event "Bad Woerishofen op"]
[Site "?"]
[Date "2005.03.03"]
[Round "1"]
[White "Zaragatski, Ilja"]
[Black "Ebenschwanger, Franz"]
[Result "1-0"]
[WhiteElo "2344"]
[BlackElo "2023"]
[PlyCount "47"]

1. e4 c6 2. d4 d5 3. Nc3 dxe4 4. Nxe4 Nd7 5. Ng5 Ngf6 6. Bd3 e6 7. N1f3 Be7 8.
Qe2 h6 9. Ne4 Nxe4 10. Bxe4 Nf6 11. Bd3 Qc7 12. Bd2 O-O 13. O-O-O c5 14. g4 Rd8
15. Rhg1 cxd4 16. g5 hxg5 17. Nxg5 Bd7 18. Ne4 Bc6 19. Bh6 g6 20. Nxf6+ Bxf6
21. Bxg6 Qe5 22. Bf5+ Kh8 23. Qh5 Qxf5 24. Bg7+ 1-0

[Event "Bad Woerishofen op"]
[Site "?"]
[Date "2005.03.03"]
[Round "1"]
[White "Tscharotschkin, Micha"]
[Black "Bauckmann, Oliver"]
[Result "1-0"]
[WhiteElo "2202"]
[BlackElo "1859"]
[PlyCount "45"]

1. e4 c5 2. c3 d6 3. d4 cxd4 4. cxd4 Nf6 5. Nc3 g6 6. Nf3 Bg7 7. Be2 O-O 8. O-O
a6 9. a4 Bd7 10. h3 Nc6 11. Be3 a5 12. Qd2 Re8 13. e5 dxe5 14. dxe5 Nh5 15. g4
Qc8 16. Nd5 Rb8 17. Nb6 Qc7 18. Qxd7 Qxd7 19. Nxd7 Rbd8 20. Rad1 Nxe5 21. Nfxe5
Nf6 22. Nxf6+ Bxf6 23. f4 1-0

[Event "Bad Woerishofen op"]
[Site "?"]
[Date "2005.03.03"]
[Round "1"]
[White "Eingorn, Viacheslav"]
[Black "Kuhlmann, Hans-Peter"]
[Result "1-0"]
[WhiteElo "2587"]
[BlackElo "2085"]
[PlyCount "51"]

1. d4 Nf6 2. c4 g6 3. g3 Bg7 4. Bg2 O-O 5. Nc3 d6 6. h3 e5 7. dxe5 dxe5 8. Qxd8
Rxd8 9. Bg5 Rd4 10. b3 Nc6 11. Bxf6 Bxf6 12. Nd5 Bg7 13. Rc1 Bf5 14. g4 Be4 15.
Bxe4 Rxe4 16. e3 Rd8 17. Ne2 Rxd5 18. cxd5 Nb4 19. Rxc7 Nxd5 20. Rxb7 Bf8 21.
Rxa7 Bc5 22. Ra8+ Kg7 23. Ng3 Rb4 24. Ra5 Nf4 25. exf4 exf4 26. Rxc5 1-0

[Event "Bad Woerishofen op"]
[Site "?"]
[Date "2005.??.03"]
[Round "1"]
[White "Postny, Evgeny"]
[Black "Valet, Richard"]
[Result "1-0"]
[WhiteElo "2557"]
[BlackElo "2082"]
[PlyCount "57"]

1. e4 c5 2. Nf3 Nc6 3. d4 cxd4 4. Nxd4 Nf6 5. Nc3 e5 6. Ndb5 d6 7. Nd5 Nxd5 8.
exd5 Nb8 9. a4 Be7 10. Be2 O-O 11. O-O f5 12. Bd2 b6 13. a5 Bb7 14. axb6 axb6
15. Rxa8 Bxa8 16. c4 Bb7 17. Qa4 Na6 18. Ra1 Nc5 19. Qc2 Ne4 20. Be1 Bh4 21. g3
Bg5 22. Bd3 Qf6 23. Bxe4 fxe4 24. Qxe4 Bc8 25. Ra8 Bf5 26. Rxf8+ Kxf8 27. Qf3
e4 28. Qa3 e3 29. Nxd6 1-0

[Event "Bad Woerishofen op"]
[Site "?"]
[Date "2005.03.03"]
[Round "1"]
[White "Dierich, Jochen"]
[Black "Tiviakov, Sergej"]
[Result "0-1"]
[WhiteElo "2087"]
[BlackElo "2627"]
[PlyCount "74"]

1. e4 c5 2. Nf3 d6 3. d3 Nc6 4. g3 g6 5. Bg2 Bg7 6. O-O e5 7. Nc3 Nge7 8. Nh4
O-O 9. f4 exf4 10. gxf4 f5 11. Be3 Be6 12. Qd2 Kh8 13. Rab1 Qd7 14. Nf3 b6 15.
Ng5 Bg8 16. Nd5 h6 17. Nh3 Nxd5 18. exd5 Nb4 19. c4 Nxa2 20. d4 Nb4 21. Kh1
Rfe8 22. Bf2 Bf6 23. Bf3 Qg7 24. dxc5 bxc5 25. Rg1 a5 26. Rg2 Bh7 27. Ng1 a4
28. h4 a3 29. bxa3 Rxa3 30. h5 g5 31. fxg5 hxg5 32. Qc1 Rc3 33. Qd1 Rxc4 34.
Qa4 Qf7 35. Be1 g4 36. Be2 Rce4 37. Bxb4 Bd4 0-1

[Event "Bad Woerishofen op"]
[Site "?"]
[Date "2005.03.03"]
[Round "1"]
[White "Drabke, Lorenz"]
[Black "Gerstner, Bernhardt"]
[Result "1-0"]
[WhiteElo "2456"]
[BlackElo "2069"]
[PlyCount "43"]

1. e4 e5 2. Bc4 Nf6 3. d3 Nc6 4. Nc3 Bb4 5. Nge2 d5 6. exd5 Nxd5 7. O-O Bxc3 8.
Nxc3 Nxc3 9. bxc3 O-O 10. f4 Na5 11. Bb3 Nxb3 12. axb3 Qd5 13. Qe1 Re8 14. c4
Qd4+ 15. Be3 Qd6 16. Qf2 e4 17. d4 b6 18. f5 f6 19. g4 a5 20. Qf4 Qe7 21. d5
Bd7 22. Qxc7 1-0

[Event "Bad Woerishofen op"]
[Site "?"]
[Date "2005.03.03"]
[Round "1"]
[White "Savchnko, Stanislav"]
[Black "Eichler, Gottfried"]
[Result "1-0"]
[WhiteElo "2505"]
[BlackElo "2080"]
[PlyCount "47"]

1. d4 e6 2. c4 c5 3. d5 exd5 4. cxd5 d6 5. e4 Be7 6. Nc3 Bf6 7. f4 Ne7 8. Nf3
Ng6 9. Bd3 O-O 10. O-O a6 11. e5 Be7 12. a4 Bg4 13. Qe1 Re8 14. f5 Nf8 15. e6
Bxf3 16. Rxf3 Bf6 17. Ne4 Bd4+ 18. Be3 Bxe3+ 19. Rxe3 fxe6 20. fxe6 Ng6 21. Qg3
Ne5 22. Rf1 Rf8 23. Rxf8+ Qxf8 24. Nxd6 1-0

[Event "Bad Woerishofen op"]
[Site "?"]
[Date "2005.03.03"]
[Round "1"]
[White "Colovic, Aleksandar"]
[Black "Mittelbachert, Ulrich"]
[Result "1-0"]
[WhiteElo "2404"]
[BlackElo "2044"]
[PlyCount "57"]

1. e4 c6 2. d3 d5 3. Nd2 g6 4. Ngf3 Bg4 5. h3 Bxf3 6. Qxf3 Bg7 7. g3 e6 8. Bg2
Nd7 9. O-O Ne7 10. Qe2 O-O 11. h4 Qb6 12. c3 Qa6 13. Nb3 Rae8 14. Be3 b6 15.
Qc2 c5 16. a4 Qc8 17. a5 b5 18. a6 dxe4 19. dxe4 e5 20. Rfd1 c4 21. Na5 Qc7 22.
Nb7 Nc8 23. Rd5 f5 24. exf5 gxf5 25. Rad1 Nf6 26. Rc5 Qe7 27. Qxf5 e4 28. Rxb5
h5 29. Bc5 1-0

[Event "Bad Woerishofen op"]
[Site "?"]
[Date "2005.03.03"]
[Round "1"]
[White "Taufratshofer, Martin"]
[Black "Siebrecht, Sebastian"]
[Result "0-1"]
[WhiteElo "2047"]
[BlackElo "2408"]
[PlyCount "88"]

1. Nf3 c5 2. c4 Nc6 3. d4 cxd4 4. Nxd4 g6 5. e4 Bg7 6. Be3 Nf6 7. Nc3 Ng4 8.
Nxc6 Nxe3 9. Nxd8 Nxd1 10. Nxd1 Kxd8 11. Rc1 d6 12. Bd3 Be6 13. b3 Rc8 14. Rc2
a6 15. Ne3 Bd4 16. Nd5 Bd7 17. Rf1 e6 18. Nf4 Ke7 19. Kd2 Rc7 20. Ne2 Bg7 21.
Rd1 Rhc8 22. Rf1 f5 23. f3 fxe4 24. Bxe4 b5 25. Bd3 Bh6+ 26. Kd1 bxc4 27. Rxc4
Rxc4 28. Bxc4 d5 29. Bd3 e5 30. h3 Kd6 31. Ng3 Bb5 32. Bxb5 Rc1+ 33. Ke2 Rc2+
34. Ke1 axb5 35. Rf2 Rc1+ 36. Ke2 b4 37. Kd3 Rc3+ 38. Ke2 Kc5 39. Kd1 Rc1+ 40.
Ke2 Kd4 41. Nf1 Kc3 42. g3 d4 43. f4 e4 44. Nd2 d3+ 0-1

[Event "Bad Woerishofen op"]
[Site "?"]
[Date "2005.03.03"]
[Round "1"]
[White "Pirroth, Dieter"]
[Black "Will, Matthias"]
[Result "1-0"]
[WhiteElo "2401"]
[BlackElo "2042"]
[PlyCount "55"]

1. e4 Nf6 2. e5 Nd5 3. d4 d6 4. c4 Nb6 5. f4 dxe5 6. fxe5 Nc6 7. Be3 Bf5 8. Nc3
e6 9. Nf3 Be7 10. d5 Nb4 11. Rc1 exd5 12. a3 Na6 13. cxd5 O-O 14. b4 Bg4 15.
Qd4 Bxf3 16. gxf3 Bh4+ 17. Bf2 Bxf2+ 18. Kxf2 c6 19. Bxa6 bxa6 20. d6 Re8 21.
Rhg1 Re6 22. Rg3 Nd7 23. Rcg1 g6 24. f4 Qb6 25. Qxb6 axb6 26. Ne2 c5 27. Nc3
Rae8 28. Nd5 1-0

[Event "Bad Woerishofen op"]
[Site "?"]
[Date "2005.03.03"]
[Round "1"]
[White "Frehen, Werner"]
[Black "Kummerow, Heiko"]
[Result "0-1"]
[WhiteElo "1993"]
[BlackElo "2292"]
[PlyCount "90"]

1. e4 e6 2. d4 d5 3. e5 c5 4. c3 Nc6 5. Nf3 Bd7 6. a3 f6 7. b4 fxe5 8. dxe5 Qc7
9. Bf4 O-O-O 10. Bd3 h6 11. O-O g5 12. Bg3 Be8 13. Re1 Nge7 14. bxc5 Bh5 15.
Nbd2 Nf5 16. Bxf5 exf5 17. h3 f4 18. Bh2 Bg7 19. Qc2 Rhe8 20. Qf5+ Kb8 21. g4
Rf8 22. Qc2 Bf7 23. e6 Bg8 24. Nb3 Rde8 25. Nbd4 Bxd4 26. Nxd4 Nxd4 27. cxd4
Rf6 28. Re2 Bh7 29. Qd2 Rfxe6 30. Rxe6 Rxe6 31. Re1 Qe7 32. Rxe6 Qxe6 33. f3
Kc7 34. Kf2 Kc6 35. Bg1 Qg6 36. Kg2 Qc2 37. Qxc2 Bxc2 38. h4 Kb5 39. hxg5 hxg5
40. Bf2 Kc4 41. Kf1 Bd1 42. Kg2 Kd3 43. Bg1 a5 44. Bf2 a4 45. Bg1 Kc3 0-1

[Event "Bad Woerishofen op"]
[Site "?"]
[Date "2005.03.03"]
[Round "1"]
[White "Heika, Martin"]
[Black "Vonach, Bernhard"]
[Result "1-0"]
[WhiteElo "2364"]
[BlackElo "2031"]
[PlyCount "51"]

1. e4 e5 2. Nf3 Nc6 3. d4 exd4 4. Nxd4 Qh4 5. Nc3 Bb4 6. Ndb5 Ba5 7. Be2 a6 8.
Nd4 Qxe4 9. Nxc6 Qxc6 10. O-O Bxc3 11. bxc3 d5 12. a4 Bd7 13. Bb5 Qd6 14. Ba3
c5 15. Bxd7+ Kxd7 16. Qg4+ Kc6 17. c4 Nf6 18. cxd5+ Nxd5 19. Rad1 b5 20. c4
bxc4 21. Qxc4 Rhd8 22. Rd3 Rac8 23. Rfd1 Rb8 24. g3 Rb6 25. Rc1 Kb7 26. Bxc5
1-0

[Event "Bad Woerishofen op"]
[Site "?"]
[Date "2005.03.03"]
[Round "1"]
[White "Hopp, Guenther"]
[Black "Koscielski, Janus"]
[Result "0-1"]
[WhiteElo "2022"]
[BlackElo "2360"]
[PlyCount "58"]

1. d4 Nf6 2. c4 g6 3. Nc3 Bg7 4. e4 d6 5. Be2 O-O 6. Bg5 c6 7. Qd2 e5 8. dxe5
dxe5 9. Qxd8 Rxd8 10. Nf3 Na6 11. O-O Bg4 12. Rad1 Nc5 13. h3 Bxf3 14. gxf3 Ne6
15. Rxd8+ Rxd8 16. Bxf6 Bxf6 17. Rd1 Nd4 18. Kg2 Be7 19. Bd3 Bc5 20. Ne2 Ne6
21. Bc2 Bd4 22. b3 Kf8 23. Kg3 Ke7 24. Kg2 a5 25. a4 f6 26. Kf1 Rd7 27. Kg2 Bb2
28. Kg3 Rxd1 29. Bxd1 Kd6 0-1

[Event "Bad Woerishofen op"]
[Site "?"]
[Date "2005.03.03"]
[Round "1"]
[White "Wirfs, Joachim"]
[Black "Michalczak, Thomas"]
[Result "0-1"]
[WhiteElo "2033"]
[BlackElo "2376"]
[PlyCount "80"]

1. d4 Nf6 2. Nf3 g6 3. c4 c5 4. d5 b5 5. cxb5 a6 6. bxa6 d6 7. g3 Bg7 8. Bg2
Rxa6 9. Nc3 Bf5 10. O-O Ne4 11. Nxe4 Bxe4 12. Qb3 O-O 13. Ng5 Bxg2 14. Kxg2 Nd7
15. Qc4 Qa8 16. Rd1 Ra4 17. Qc2 h6 18. Nf3 Rxa2 19. Rxa2 Qxa2 20. Rd3 Nf6 21.
h3 Nxd5 22. Ra3 Nb4 23. Qe4 Qe6 24. Qxe6 fxe6 25. Ra7 Kf7 26. Nd2 Rb8 27. Nc4
d5 28. Ne3 c4 29. Ng4 h5 30. Nh6+ Bxh6 31. Bxh6 Nc6 32. Rc7 Rb6 33. Bg5 Ke8 34.
Rc8+ Kd7 35. Rg8 Rxb2 36. Rxg6 Rxe2 37. Rh6 c3 38. Rxh5 Re5 39. h4 c2 40. g4
Rxg5 0-1

[Event "Bad Woerishofen op"]
[Site "?"]
[Date "2005.03.03"]
[Round "1"]
[White "Pitl, Gregory"]
[Black "Partys, Petr"]
[Result "1-0"]
[WhiteElo "2296"]
[BlackElo "1996"]
[PlyCount "67"]

1. e4 c5 2. Nf3 Nc6 3. d4 cxd4 4. Nxd4 g6 5. Nc3 Bg7 6. Be3 Nf6 7. Bc4 Qa5 8.
O-O O-O 9. h3 d6 10. Nb3 Qc7 11. f4 Bd7 12. a4 Rfd8 13. a5 Rac8 14. Be2 Be6 15.
Nd4 Nxd4 16. Bxd4 Qb8 17. Nd5 Nxd5 18. exd5 Bf5 19. c4 Bxd4+ 20. Qxd4 b6 21. a6
Qc7 22. b4 Bd7 23. Ra3 e6 24. h4 exd5 25. h5 Rf8 26. f5 g5 27. h6 f6 28. Qxd5+
Kh8 29. Rd1 Rce8 30. Bg4 Bc8 31. Qxd6 Qxc4 32. Re3 Qf7 33. Rxe8 Rxe8 34. Bh5
1-0

[Event "Bad Woerishofen op"]
[Site "?"]
[Date "2005.03.03"]
[Round "1"]
[White "Keller, Manfred"]
[Black "Ferstl, Manfred"]
[Result "0-1"]
[WhiteElo "2220"]
[BlackElo "1918"]
[PlyCount "72"]

1. e4 c5 2. Nf3 b6 3. Bc4 e6 4. Nc3 Bb7 5. O-O d6 6. d4 cxd4 7. Nxd4 Nf6 8. Re1
Qc8 9. Bb3 Nc6 10. Ndb5 Qd8 11. Nd5 Rc8 12. Bg5 a6 13. Nbc3 b5 14. Bxf6 gxf6
15. Nf4 Na5 16. Nxe6 fxe6 17. Bxe6 h5 18. Bxc8 Qxc8 19. Qd4 Be7 20. Nd5 Nc6 21.
Qc3 Kf7 22. Rad1 Rg8 23. Qb3 Na5 24. Nxe7+ Kxe7 25. Qb4 Nc4 26. b3 Rxg2+ 27.
Kxg2 Qg4+ 28. Kf1 Qh3+ 29. Kg1 Qg4+ 30. Kf1 Qh3+ 31. Ke2 Qg4+ 32. Kd3 Qf3+ 33.
Kd4 Ne5 34. Qd2 Nc6+ 35. Kd5 Nd8+ 36. Kd4 Ne6# 0-1

[Event "Bad Woerishofen op"]
[Site "?"]
[Date "2005.03.03"]
[Round "1"]
[White "Wiedermann, Franz"]
[Black "Zhang, Penxiang"]
[Result "0-1"]
[WhiteElo "2083"]
[BlackElo "2560"]
[PlyCount "92"]

1. d4 c5 2. d5 e6 3. e4 a6 4. a4 Nf6 5. Nc3 d6 6. Bc4 exd5 7. Nxd5 Be7 8. Qd3
Nc6 9. Nf3 Nxd5 10. Qxd5 O-O 11. O-O Bg4 12. c3 Na5 13. Ba2 Qd7 14. Ng5 Bxg5
15. Bxg5 Be6 16. Qd1 Bxa2 17. Rxa2 Qe6 18. Qd5 Qxd5 19. exd5 Rfe8 20. Bf4 Rad8
21. Raa1 Kf8 22. Rae1 h6 23. h4 Nb3 24. f3 c4 25. Rxe8+ Kxe8 26. Re1+ Kd7 27.
Re4 b5 28. axb5 axb5 29. h5 Nc5 30. Rd4 Re8 31. Bg3 f5 32. Rd1 Re2 33. Bf2 Nb3
34. Bg3 Rxb2 35. Re1 Rd2 36. Re6 Rxd5 37. Rg6 Nc1 38. Rxg7+ Kc6 39. Kh2 Ne2 40.
Be1 f4 41. Kh3 Rxh5+ 42. Kg4 Rh1 43. Bd2 Rd1 44. Bxf4 Nxf4 45. Kxf4 b4 46. cxb4
c3 0-1

[Event "Bad Woerishofen op"]
[Site "?"]
[Date "2005.03.03"]
[Round "1"]
[White "Krotofil, Kurt"]
[Black "Mainka, Romuald"]
[Result "0-1"]
[WhiteElo "2069"]
[BlackElo "2454"]
[PlyCount "54"]

1. d4 f5 2. c4 Nf6 3. g3 g6 4. Bg2 Bg7 5. Nc3 d6 6. Nf3 O-O 7. O-O Qe8 8. b3
Na6 9. Bb2 c6 10. e3 e5 11. d5 e4 12. Nd4 c5 13. Ndb5 Qe7 14. Qd2 Nb4 15. Ne2
a6 16. Na3 Ng4 17. Bxg7 Qxg7 18. Nc2 Nxc2 19. Qxc2 g5 20. h3 Ne5 21. Kh1 Bd7
22. Ng1 Rf6 23. Rae1 g4 24. h4 Nf3 25. Rc1 Rh6 26. Ne2 Qe7 27. Rfd1 Rxh4+ 0-1

[Event "Bad Woerishofen op"]
[Site "?"]
[Date "2005.03.04"]
[Round "2"]
[White "Kuempers, Ulrich"]
[Black "Asmundsson, Ingver"]
[Result "0-1"]
[WhiteElo "2104"]
[BlackElo "2288"]
[PlyCount "38"]

1. d4 f5 2. c4 Nf6 3. Nf3 g6 4. g3 Bg7 5. Bg2 d6 6. O-O O-O 7. Nc3 c6 8. b3 Qa5
9. Bd2 Qc7 10. Rc1 e5 11. dxe5 dxe5 12. e4 f4 13. Qe2 Nh5 14. c5 Na6 15. b4 Qe7
16. gxf4 Nxf4 17. Bxf4 Rxf4 18. Rcd1 Bg4 19. Rd6 Qf7 0-1

[Event "Bad Woerishofen op"]
[Site "?"]
[Date "2005.03.??"]
[Round "2"]
[White "Slaby, Jerzy"]
[Black "Hempel, Dr. Olaf"]
[Result "1-0"]
[WhiteElo "2401"]
[BlackElo "2173"]
[PlyCount "53"]

1. e4 c6 2. d4 d5 3. Nc3 dxe4 4. Nxe4 Bf5 5. Ng3 Bg6 6. h4 h6 7. Nf3 Nd7 8. h5
Bh7 9. Bd3 Bxd3 10. Qxd3 Qc7 11. Bd2 Ngf6 12. O-O-O e6 13. Ne4 O-O-O 14. g3
Nxe4 15. Qxe4 Bd6 16. c4 Nf6 17. Qe2 c5 18. Bc3 Rhe8 19. Ne5 Bxe5 20. dxe5
Rxd1+ 21. Rxd1 Nd7 22. Qg4 Rg8 23. Qe4 g6 24. Qf4 Qc6 25. Qxf7 Rf8 26. Qe7 Rxf2
27. hxg6 1-0

[Event "Bad Woerishofen op"]
[Site "?"]
[Date "2005.03.04"]
[Round "2"]
[White "Michalczak, Thomas"]
[Black "Vossenkuhl, Joachim"]
[Result "1-0"]
[WhiteElo "2376"]
[BlackElo "2145"]
[PlyCount "51"]

1. e4 e6 2. d4 d5 3. Nc3 Bb4 4. e5 c5 5. a3 Bxc3+ 6. bxc3 Ne7 7. Qg4 O-O 8. Bd3
Nbc6 9. Bg5 Qa5 10. Ne2 Ng6 11. O-O Qa4 12. f4 c4 13. Bxg6 fxg6 14. Ra2 Bd7 15.
h4 Rf5 16. h5 gxh5 17. Qxh5 h6 18. g4 Rf7 19. Kg2 Be8 20. Qh3 hxg5 21. Rh1 Kf8
22. fxg5 Ne7 23. Qh8+ Ng8 24. g6 Re7 25. Rf1+ Bf7 26. Nf4 1-0

[Event "Bad Woerishofen op"]
[Site "?"]
[Date "2005.03.04"]
[Round "2"]
[White "Poulsen, Martin"]
[Black "Bauder, Herbert"]
[Result "1/2-1/2"]
[WhiteElo "2285"]
[BlackElo "2115"]
[PlyCount "43"]

1. e4 c5 2. Nc3 Nc6 3. Bb5 g6 4. Bxc6 dxc6 5. Nf3 Bg7 6. h3 e5 7. d3 Qd6 8. O-O
Nf6 9. Be3 O-O 10. Qd2 b6 11. Bh6 Nh5 12. Rae1 Ba6 13. g4 Nf6 14. Kh1 Rfe8 15.
Bxg7 Kxg7 16. Rg1 Rad8 17. b3 h5 18. gxh5 Nxh5 19. Qg5 Nf4 20. Nh4 Bc8 21. Nf5+
Bxf5 22. exf5 1/2-1/2

[Event "Bad Woerishofen op"]
[Site "?"]
[Date "2005.03.04"]
[Round "2"]
[White "Gutman, Lev"]
[Black "Schulz, Juergen"]
[Result "1-0"]
[WhiteElo "2461"]
[BlackElo "2191"]
[PlyCount "59"]

1. Nf3 d5 2. g3 c6 3. Bg2 Bg4 4. a4 a5 5. Ne5 Bc8 6. d4 Nf6 7. O-O Bf5 8. c4 e6
9. Qb3 Bb4 10. Bg5 h6 11. Bxf6 gxf6 12. Nd3 Na6 13. cxd5 cxd5 14. Nf4 h5 15.
Nc3 Nc7 16. e4 dxe4 17. Nxe4 Kf8 18. Nc5 Qxd4 19. Nxb7 Be4 20. Rfd1 Qe5 21.
Bxe4 Qxe4 22. Nd6 Qe5 23. Nxf7 Kxf7 24. Rd7+ Ke8 25. Rad1 Nd5 26. Nxd5 exd5 27.
R7xd5 Qe7 28. Qf3 Rc8 29. Qf5 Qc7 30. Rd7 1-0

[Event "Bad Woerishofen op"]
[Site "?"]
[Date "2005.03.04"]
[Round "2"]
[White "Tiviakov, Sergei"]
[Black "Garbe, Ralf"]
[Result "1-0"]
[WhiteElo "2627"]
[BlackElo "2197"]
[PlyCount "71"]

1. e4 g6 2. d4 Bg7 3. c3 d6 4. Nf3 Nf6 5. Bd3 O-O 6. O-O Nc6 7. Bg5 h6 8. Bh4
e5 9. Nbd2 Qe8 10. Re1 Nh5 11. dxe5 Nxe5 12. Nxe5 dxe5 13. f3 Nf4 14. Bf1 a5
15. a4 Be6 16. Qc2 f6 17. Nc4 Qf7 18. b3 Rfe8 19. Rab1 Bf8 20. Bf2 Red8 21. Be3
b6 22. Kh1 h5 23. g3 Nh3 24. f4 exf4 25. gxf4 Bg4 26. Qg2 g5 27. fxg5 Bc5 28.
Bxc5 bxc5 29. Ne3 Qg6 30. Qg3 Nxg5 31. Nxg4 hxg4 32. Qxg4 Kg7 33. Rb2 Rd6 34.
Rf2 Rh8 35. e5 Rd5 36. Bc4 1-0

[Event "Bad Woerishofen op"]
[Site "?"]
[Date "2005.03.04"]
[Round "2"]
[White "Levin, Felix"]
[Black "Sailer, Wolfgang"]
[Result "1-0"]
[WhiteElo "2498"]
[BlackElo "2192"]
[PlyCount "45"]

1. Nf3 Nf6 2. c4 g6 3. Nc3 d5 4. cxd5 Nxd5 5. Qa4+ Bd7 6. Qb3 Nb6 7. d4 Bg7 8.
Bg5 h6 9. Bh4 Be6 10. Qc2 Nc6 11. Rd1 g5 12. Bg3 g4 13. Nh4 Nxd4 14. Qe4 f5 15.
Qb1 f4 16. Bxf4 O-O 17. e3 Nd5 18. Bg3 Nf3+ 19. gxf3 Nxc3 20. Rxd8 Nxb1 21.
Rxa8 Rxa8 22. Bd3 Bxa2 23. Ke2 1-0

[Event "Bad Woerishofen op"]
[Site "?"]
[Date "2005.03.04"]
[Round "2"]
[White "Schulz, Gert"]
[Black "Wang, Yu"]
[Result "1-0"]
[WhiteElo "2118"]
[BlackElo "2390"]
[PlyCount "87"]

1. d4 d5 2. Nf3 Nf6 3. c4 c6 4. cxd5 cxd5 5. Nc3 Nc6 6. Bf4 a6 7. e3 Bg4 8. Qb3
Bxf3 9. gxf3 Na5 10. Qa4+ Nc6 11. Qb3 Ra7 12. Rc1 e6 13. Bd3 Bd6 14. Bxd6 Qxd6
15. f4 O-O 16. Na4 b5 17. Nc5 Na5 18. Qc3 Qb6 19. b4 Nc4 20. a4 Rc8 21. a5 Qd8
22. Ke2 Nd7 23. h4 Qf6 24. Rcg1 Nxc5 25. bxc5 Rb7 26. Qc2 h6 27. Qa2 Qd8 28.
Rg3 Nxa5 29. Rhg1 f5 30. Rg6 Rc6 31. Rxh6 b4 32. h5 b3 33. Qb1 b2 34. Rhg6 Kh7
35. Rxe6 Rxe6 36. Bxf5+ Kh8 37. Bxe6 Nc4 38. Qg6 Na3 39. Bf5 Kg8 40. Be6+ Kh8
41. h6 gxh6 42. Bf5 Qf8 43. Rh1 Qg7 44. Qe8+ 1-0

[Event "Bad Woerishofen op"]
[Site "?"]
[Date "2005.03.04"]
[Round "2"]
[White "Hopfauf, Fridolin"]
[Black "Savtschenko, Stanislav"]
[Result "1/2-1/2"]
[WhiteElo "2181"]
[BlackElo "2505"]
[PlyCount "62"]

1. e4 c5 2. Nf3 d6 3. d4 cxd4 4. Nxd4 Nf6 5. Nc3 a6 6. a4 e6 7. Be2 Be7 8. O-O
Nc6 9. Be3 O-O 10. Nb3 b6 11. f4 Nd7 12. Bf3 Qc7 13. Qd2 Rb8 14. Qf2 Re8 15.
Kh1 Nc5 16. Nd4 Bb7 17. Rad1 Rbd8 18. e5 dxe5 19. Nxc6 Bxc6 20. Rxd8 Rxd8 21.
Bxc6 Qxc6 22. fxe5 f5 23. exf6 Bxf6 24. a5 Rf8 25. axb6 Be7 26. Qe2 Rxf1+ 27.
Qxf1 Qxb6 28. Na4 Qa5 29. Nxc5 Bxc5 30. Bxc5 Qxc5 31. Qxa6 Qxc2 1/2-1/2

[Event "Bad Woerishofen op"]
[Site "?"]
[Date "2005.03.04"]
[Round "2"]
[White "Zhang, Pengxiang"]
[Black "Kugelmann, Werner"]
[Result "1-0"]
[WhiteElo "2560"]
[BlackElo "2195"]
[PlyCount "106"]

1. e4 e6 2. d4 d5 3. Nc3 Nf6 4. Bg5 Be7 5. e5 Nfd7 6. Bxe7 Qxe7 7. f4 a6 8. Nf3
c5 9. Qd2 Nc6 10. dxc5 Qxc5 11. O-O-O O-O 12. Bd3 f6 13. Rhe1 b5 14. Kb1 Bb7
15. exf6 Rxf6 16. g3 Kh8 17. Bf1 Nf8 18. Ne2 Re8 19. Ned4 Nxd4 20. Nxd4 Qc7 21.
Nf3 Nd7 22. Qd4 Rff8 23. Re3 Nf6 24. Bd3 Ne4 25. Rde1 Rd8 26. R3e2 Rfe8 27. Qe5
Qxe5 28. Nxe5 Kg8 29. Kc1 Rd6 30. Nf3 Nc5 31. Kd2 h6 32. c3 Na4 33. Kc2 Nc5 34.
Nd4 Ne4 35. Nb3 Rc8 36. a3 Kf7 37. Rd1 Rdd8 38. Bxe4 dxe4 39. Rxd8 Rxd8 40. Nc5
Bc8 41. Rxe4 Rd5 42. b4 a5 43. c4 bxc4 44. Kc3 axb4+ 45. axb4 Ke7 46. Re2 g5
47. fxg5 hxg5 48. Kxc4 Kd6 49. Rf2 Ke7 50. Ra2 Rf5 51. Ra8 Rf8 52. b5 e5 53.
Kb4 Rd8 1-0

[Event "Bad Woerishofen op"]
[Site "?"]
[Date "2005.03.04"]
[Round "2"]
[White "Espig, Lutz"]
[Black "Kroencke, Manfred"]
[Result "1-0"]
[WhiteElo "2432"]
[BlackElo "2182"]
[PlyCount "91"]

1. Nf3 Nf6 2. c4 e6 3. g3 d5 4. b3 Be7 5. Bg2 O-O 6. Bb2 c5 7. O-O Nc6 8. e3
dxc4 9. bxc4 Qc7 10. Nc3 a6 11. Qe2 Bd7 12. Rfd1 Na5 13. Rac1 Rac8 14. e4 Bc6
15. e5 Bxf3 16. Bxf3 Nd7 17. Nb1 Rfd8 18. d3 Nc6 19. Bxc6 Qxc6 20. Nc3 Qc7 21.
f4 Nb8 22. Rb1 Nc6 23. Ba1 Rd7 24. Ne4 Nd4 25. Qg2 Rb8 26. a4 Qd8 27. Bc3 b5
28. axb5 axb5 29. cxb5 Rxb5 30. Bxd4 Rxb1 31. Rxb1 Rxd4 32. Nf2 Rb4 33. Ra1 Rb8
34. Qe4 h6 35. Ra7 Bf8 36. Kg2 h5 37. Kf3 Rb4 38. Qc6 Qd5+ 39. Qxd5 exd5 40.
Rd7 c4 41. Rxd5 c3 42. Rd8 c2 43. Rc8 Rb2 44. d4 g6 45. Nd3 Ra2 46. d5 1-0

[Event "Bad Woerishofen op"]
[Site "?"]
[Date "2005.03.04"]
[Round "2"]
[White "Stuemer, Paul"]
[Black "Wang, Rui"]
[Result "1/2-1/2"]
[WhiteElo "2166"]
[BlackElo "2478"]
[PlyCount "106"]

1. c4 Nf6 2. g3 g6 3. Bg2 Bg7 4. Nc3 O-O 5. d3 c5 6. a3 Nc6 7. e3 e6 8. Nge2 d5
9. cxd5 Nxd5 10. O-O Nde7 11. Rb1 b6 12. b4 cxb4 13. axb4 Bb7 14. b5 Na5 15.
Ne4 e5 16. Ba3 f5 17. Nd6 Bxg2 18. Kxg2 Qd7 19. Qd2 Qe6 20. Nc3 Rfd8 21. Qa2
Qxa2 22. Nxa2 Bf8 23. Bb4 Nec6 24. bxc6 Bxd6 25. Bxa5 bxa5 26. Rb7 Rac8 27. Rc1
Rc7 28. Rc4 Kf7 29. Nc3 Rxb7 30. cxb7 Rd7 31. Rc6 Bb8 32. Ra6 Rxb7 33. Rxa5 Bd6
34. Nb5 Bb8 35. d4 exd4 36. Nxd4 Bc7 37. Ra6 Bb6 38. Nb5 Ke7 39. h4 Kd7 40. Kf3
Kc6 41. Nd4+ Kd5 42. Ne2 Kc4 43. h5 Kb5 44. Ra2 a5 45. hxg6 hxg6 46. Kf4 Rc7
47. Nd4+ Ka6 48. Ke5 Rd7 49. Ke6 Rd8 50. Ke7 Rd5 51. Ke6 Rd8 52. Ke7 Rd5 53.
Ke6 Rd8 1/2-1/2

[Event "Bad Woerishofen op"]
[Site "?"]
[Date "2005.03.04"]
[Round "2"]
[White "Wittfoth, Kai-Uwe"]
[Black "Drabke, Lorenz"]
[Result "0-1"]
[WhiteElo "2156"]
[BlackElo "2456"]
[PlyCount "84"]

1. d4 c5 2. dxc5 Qa5+ 3. Nc3 Qxc5 4. e4 Nc6 5. Be3 Qb4 6. Qd2 Qxb2 7. Rb1 Qa3
8. Bc4 Qa5 9. Nd5 Qxd2+ 10. Bxd2 Kd8 11. Nf3 e6 12. Nf4 Nf6 13. e5 Ne4 14. Nd3
Nxd2 15. Nxd2 d6 16. exd6 Bxd6 17. O-O Ne5 18. Nxe5 Bxe5 19. Be2 b6 20. Rfd1
Ke7 21. Nc4 Bc7 22. Rb3 Bd7 23. Na3 a6 24. Rc3 Rhc8 25. Rh3 h6 26. Bh5 Ba4 27.
Rh4 b5 28. Rhd4 Rd8 29. Rxd8 Rxd8 30. Rxd8 Bxd8 31. Bd1 Kd6 32. Nb1 Ba5 33. Kf1
Kc5 34. Ke2 Kd4 35. a3 Bc3 36. f3 f5 37. h4 f4 38. Nd2 Bb2 39. Nb3+ Kd5 40. Nd2
Bxa3 41. Ne4 Kd4 42. h5 Bb4 0-1

[Event "Bad Woerishofen op"]
[Site "?"]
[Date "2005.03.04"]
[Round "2"]
[White "Siebrecht, Sebastian"]
[Black "Bartels, Holger"]
[Result "1-0"]
[WhiteElo "2408"]
[BlackElo "2177"]
[PlyCount "105"]

1. Nf3 Nf6 2. c4 c5 3. Nc3 Nc6 4. g3 b6 5. d4 cxd4 6. Nxd4 Nxd4 7. Qxd4 Bb7 8.
e4 g6 9. Bg2 Bg7 10. O-O O-O 11. e5 Bxg2 12. Kxg2 Ne8 13. Rd1 d6 14. Bf4 Qb8
15. Re1 dxe5 16. Bxe5 Bxe5 17. Qxe5 Qxe5 18. Rxe5 e6 19. Rd1 Nf6 20. Re2 Rfd8
21. Red2 Rxd2 22. Rxd2 Kf8 23. f4 Ke7 24. Kf3 Rc8 25. b3 Rc6 26. g4 h6 27. h4
h5 28. g5 Ne8 29. Ne4 Ng7 30. Nf6 Rc7 31. Ng8+ Ke8 32. Nh6 Ke7 33. Ke4 Rc8 34.
Rd4 Rh8 35. Ke5 Rc8 36. b4 Nf5 37. Nxf5+ gxf5 38. c5 bxc5 39. Rc4 Rd8 40. Rxc5
Rd7 41. a4 Rb7 42. b5 Rd7 43. a5 Rb7 44. Kd4 Rd7+ 45. Kc4 Kd8 46. b6 a6 47. Rc6
Rb7 48. Kc5 Re7 49. Rd6+ Kc8 50. Kc6 e5 51. fxe5 f4 52. Rf6 Re6+ 53. Rxe6 1-0

[Event "Bad Woerishofen op"]
[Site "?"]
[Date "2005.03.04"]
[Round "2"]
[White "Mainka, Romuald"]
[Black "Holl, Andreas"]
[Result "1-0"]
[WhiteElo "2454"]
[BlackElo "2187"]
[PlyCount "49"]
[EventDate "2005.03.04"]

1. e4 c5 2. Nf3 Nc6 3. Bb5 g6 4. O-O Bg7 5. Bxc6 bxc6 6. Re1 Nh6 7. h3 f6 8. c3
Nf7 9. d4 cxd4 10. cxd4 e5 11. Nc3 O-O 12. Be3 d6 13. Rc1 Bd7 14. Qd2 f5 15.
dxe5 fxe4 16. Nxe4 Nxe5 17. Nxe5 dxe5 18. Bh6 Be8 19. Bxg7 Kxg7 20. Qe3 Qb6 21.
Nc5 Qxb2 22. Ne6+ Kg8 23. Nxf8 Kxf8 24. a4 Qb4 25. Qxe5 1-0